| 000 | 00673nam a22001937a 4500 | ||
|---|---|---|---|
| 005 | 20251108164128.0 | ||
| 008 | 250721s2009 xx 000 0 ara d | ||
| 082 | 1 | 4 | _a811.63009/بدو |
| 100 | 1 | _aالبدوي، آمنة | |
| 245 | 1 | 0 | _aشعر النازحين من الأندلس إلى مصر و الشام في القرن السابع الهجري بين التأثر و التأثير / |
| 264 | 1 |
_aعمان : _bدار الأهلية، _c2009. |
|
| 300 | _a240ص. | ||
| 650 | 1 | 7 | _aالشعر العربي |
| 650 | 1 | 7 | _aالنقد الادبي |
| 650 | 1 | 7 | _aالعصر الاندلسي |
| 650 | 1 | 7 | _aالشعراا العرب |
| 942 |
_2ddc _cBK |
||
| 999 |
_c4336 _d4336 |
||